000 00398cam a2200169ua 4500
020 _c3.00
041 _amal
_h
082 _a200.1
_bJOY/MA
100 _aJoy, V.A .
245 _aMathangal Noottandukaliloode /
_cV.A.Joy.
_hTextual Documents
260 _aThrissur :
_bCurrent Books ,
_c1959.
300 _a245 ; .
365 _a3.00
504 _a
942 _cBK
999 _c1003
_d1003